000 00417cam a22001337a 4500
008 180718b1947 xxu||||| |||| 00| 0 eng d
082 _aLx5442 J78
100 _aJoshi, T.M.
245 _aBombay finance, 1921-1946
_cby T.M. Joshi
260 _aPoona
_bGokhale Institute
_c1947
300 _a220p.
500 _aGokhale Institute of Politics and Economics, Publication no. 16
650 _aState finance - India - Bombay
999 _c372009
_d372009